000 00963cam a22003377a 4500
003 CHAP
005 20220817042232.0
008 971013s1951 r 00010 d
010 _a38310
011 _a39282
035 _a43402
040 _cCHAP
082 _a616.39
_bF3
110 _aFAO
245 1 3 _aEl kwashiorkor en Africa
260 _aRoma :
_bFAO,
_c1951
300 _a73 p.
490 0 _aFAO. Estudios de nutrición
_v; 8
590 _aBATCH-UPD
_b10
_c20130110
_lUCH01
_h1610
590 _aBATCH-UPD
_b10
_c20130410
_lUCH01
_h1006
590 _aBATCH-UPD
_b10
_c20130914
_lUCH01
_h0758
590 _aCONVERSION
_b10
_c20130109
_lUCH01
_h1321
650 1 4 _aDesnutrición.
_932165
650 1 4 _aMedicina tropical.
_973922
700 0 _aAutret, M.
_98430
700 0 _aBrock, J. F.
_915474
830 0 _aFAO. Estudios de nutrición
_v; 8
_939547
901 _aBK
942 _cLIBRO
949 _a616.39 F3
_bBC
_cFAO
_d-99452
_eFAO1
_h42633
_i43402
_mD
_si
999 _c38310
_d38310